000 00374cam a2200157ua 4500
041 _aasm
_h
082 _a894.8121
_bPAN/TH
100 _aPanikkar, K M .
245 _aTheranhetutha kavithakal /
_cK M Panikkar.
_hTextual Documents
250 _a1 /
_b.
260 _a :
_bMangalodayam ,
_c1956.
300 _a334 ; .
504 _a
942 _cBK
999 _c3969
_d3969